[Event "Capricorne"]
[Site "Chambly CAN"]
[Date "2026.01.21"]
[Round "3.1"]
[White "Weston, Paul"]
[Black "Milette, Patrick"]
[Result "1/2-1/2"]
[WhiteElo "1773"]
[BlackElo "1733"]
[WhiteFideId "-1"]
[BlackFideId "-1"]
[PlyCount "68"]
[GameId "2276507570252138"]
[EventDate "2026.01.07"]
[EventType "swiss"]
[EventRounds "4"]
[EventCountry "CAN"]

1. e4 g6 2. d4 Bg7 3. Nc3 a6 4. f4 b5 5. a3 Bb7 6. Nf3 d6 7. Be2 Nd7 8. O-O c5 9. d5 Nb6 10. Kh1 Nf6 11. Be3 O-O 12. Nd2 Rc8 13. Bf3 Qc7 14. Rc1 e6 15. dxe6 fxe6 16. Ne2 d5 17. e5 Nfd7 18. c3 Nc4 19. Nxc4 bxc4 20. Ng3 Rcd8 21. Qc2 Nb6 22. Rcd1 Bh6 23. Ne2 Nc8 24. g4 Ne7 25. Bg2 Qb6 26. Ng3 Nc6 27. g5 Bg7 28. h4 Rd7 29. h5 Ne7 30. Kh2 Rc8 31. Bg1 a5 32. Rd2 Rcd8 33. Rfd1 Rf8 34. Rf1 Rfd8 1/2-1/2

[Event "Capricorne"]
[Site "Chambly CAN"]
[Date "2026.01.21"]
[Round "3.2"]
[White "Cournoyer, Raphael"]
[Black "Cossette, Richard"]
[Result "0-1"]
[WhiteElo "1775"]
[BlackElo "1652"]
[WhiteFideId "-1"]
[BlackFideId "-1"]
[PlyCount "86"]
[GameId "2276507570252139"]
[EventDate "2026.01.07"]
[EventType "swiss"]
[EventRounds "4"]
[EventCountry "CAN"]

1. d4 Nf6 2. Nf3 g6 3. c4 d6 4. Nc3 Bg7 5. Bg5 Nc6 6. d5 Nb8 7. e4 Nbd7 8. Bd3 a5 9. O-O Nc5 10. Rc1 O-O 11. Bb1 h6 12. Be3 e5 13. Qd2 Ng4 14. Bxc5 dxc5 15. h3 Nf6 16. Nxe5 Nxe4 17. Nxe4 Bxe5 18. Nxc5 Qh4 19. f4 Bg7 20. Ne4 Bf5 21. b3 Rfe8 22. Nf2 Bd7 23. Rce1 Rxe1 24. Rxe1 Bf8 25. Nd3 Bf5 26. Rf1 b6 27. Kh2 Re8 28. Ne5 Bc8 29. Nf3 Qh5 30. Ne5 Bd6 31. g4 Qh4 32. Nf3 Qf6 33. Nd4 h5 34. gxh5 Qh4 35. Rf3 Bg4 36. Qf2 Qxh5 37. Rg3 Bd7 38. Kg2 Bc5 39. Bd3 Qh8 40. f5 Qxd4 41. Qf1 Re3 42. Rxg6+ fxg6 43. fxg6 Bxh3+ 0-1

[Event "Capricorne"]
[Site "Chambly CAN"]
[Date "2026.01.21"]
[Round "3.3"]
[White "Pincince, Jacques"]
[Black "Cousineau, Francois"]
[Result "0-1"]
[WhiteElo "1396"]
[BlackElo "1773"]
[WhiteFideId "-1"]
[BlackFideId "-1"]
[PlyCount "101"]
[GameId "2276507570260332"]
[EventDate "2026.01.07"]
[EventType "swiss"]
[EventRounds "4"]
[EventCountry "CAN"]

1. e4 c5 2. Nc3 Nc6 3. g3 g6 4. Bg2 Bg7 5. f4 d6 6. d3 e6 7. Nf3 Nge7 8. O-O a6 9. Ne2 e5 10. f5 gxf5 11. Ng5 f6 12. Nf3 Be6 13. Nh4 fxe4 14. dxe4 Qd7 15. Nc3 Bg4 16. Bf3 Bh3 17. Bg2 Bg4 18. Bf3 Bxf3 19. Nxf3 O-O-O 20. Nd5 Nxd5 21. Qxd5 Ne7 22. Qb3 d5 23. exd5 Qxd5 24. c4 Qd3 25. Qb6 Qd6 26. Qb3 Nc6 27. Be3 f5 28. Qb6 Nd4 29. Qxd6 Rxd6 30. Nxd4 cxd4 31. Bg5 h6 32. c5 Rd7 33. Bd2 Rf8 34. Rac1 h5 35. c6 Rc7 36. cxb7+ Kxb7 37. Rxc7+ Kxc7 38. Ba5+ Kd7 39. Rc1 Rc8 40. Rf1 Ke6 41. Re1 Rc2 42. Bb6 Kd5 43. b4 Bh6 44. a3 Be3+ 45. Kh1 Ra2 46. Rb1 Kc4 47. Bc7 e4 48. Bd6 d3 49. b5 axb5 50. Rb4+ Kd5 51. Be7 0-1

[Event "Capricorne"]
[Site "Chambly CAN"]
[Date "2026.01.21"]
[Round "3.4"]
[White "Lalonde, Henri"]
[Black "Evenko, Kirill"]
[Result "1/2-1/2"]
[WhiteElo "1673"]
[BlackElo "1563"]
[WhiteFideId "-1"]
[BlackFideId "-1"]
[PlyCount "104"]
[GameId "2276507570260333"]
[EventDate "2026.01.07"]
[EventType "swiss"]
[EventRounds "4"]
[EventCountry "CAN"]

1. e4 d5 2. exd5 Qxd5 3. Nc3 Qd8 4. Nf3 Nf6 5. Be2 Nc6 6. O-O e5 7. d3 Be7 8. Bg5 O-O 9. Qd2 h6 10. Bh4 Bf5 11. Rad1 Re8 12. Rfe1 Qd7 13. Bxf6 Bxf6 14. Ne4 Bxe4 15. dxe4 Qe6 16. b3 Rad8 17. Bd3 Nd4 18. Qe3 Qc6 19. Nxd4 Rxd4 20. Qe2 Red8 21. g3 Qc5 22. a4 Qd6 23. h4 a6 24. Rf1 b5 25. axb5 axb5 26. Ra1 Qb6 27. Rfd1 c5 28. c3 R4d7 29. Bc2 Rxd1+ 30. Rxd1 Rxd1+ 31. Qxd1 Qd8 32. Qd5 Qxd5 33. exd5 Kf8 34. c4 bxc4 35. bxc4 Ke7 36. Kg2 g5 37. Kh3 gxh4 38. gxh4 Bg7 39. Kg4 Kf6 40. Kh5 Bf8 41. Be4 Kg7 42. Kg4 Kf6 43. Kf3 Bd6 44. Ke3 Be7 45. Kd3 Kg7 46. h5 Kf6 47. Bg2 Kg5 48. Ke4 Bd6 49. Bf3 f5+ 50. Ke3 Kf6 51. Bg2 Kg5 52. Bf3 Kf6 1/2-1/2

[Event "Capricorne"]
[Site "Chambly CAN"]
[Date "2026.01.21"]
[Round "3.5"]
[White "Tse, Chun Wing"]
[Black "Bedard, Michel"]
[Result "1-0"]
[WhiteElo "1805"]
[BlackElo "1548"]
[WhiteFideId "-1"]
[BlackFideId "-1"]
[PlyCount "116"]
[GameId "2276507570260334"]
[EventDate "2026.01.07"]
[EventType "swiss"]
[EventRounds "4"]
[EventCountry "CAN"]

1. e4 e5 2. Nf3 Nf6 3. Nxe5 d6 4. Nf3 Nxe4 5. Nc3 Nxc3 6. dxc3 Be7 7. Bf4 Nc6 8. Qd2 h6 9. O-O-O Bg4 10. Be2 Qd7 11. h3 Be6 12. Kb1 O-O-O 13. Bb5 a6 14. Ba4 Qe8 15. Rhe1 Bd7 16. Qe3 Bf6 17. Bxc6 Bxc6 18. Qa7 Qf8 19. Nd4 Bxd4 20. cxd4 d5 21. Re5 f6 22. Re6 Kd7 23. Rde1 Ra8 24. Re7+ Qxe7 25. Rxe7+ Kxe7 26. Qc5+ Kd7 27. c4 b6 28. Qa3 Rhe8 29. Qg3 Re1+ 30. Kc2 Rae8 31. Bxc7 R8e2+ 32. Kc3 Rc1+ 33. Kd3 Re6 34. Qxg7+ Kc8 35. Bxb6 Bd7 36. Qxh6 dxc4+ 37. Kd2 Rce1 38. Qf8+ Kb7 39. Qd8 R6e2+ 40. Kc3 Rc1+ 41. Kb4 Rxb2+ 42. Kc5 Rb5+ 43. Kd6 Rxb6+ 44. Kxd7 Ka7 45. Qc8 Rb7+ 46. Kc6 Rb6+ 47. Kc5 Rb5+ 48. Kd6 Rb6+ 49. Kd5 Rb5+ 50. Ke6 Re1+ 51. Kxf6 Rb6+ 52. Kf5 Re7 53. Qxc4 Rb5+ 54. Kf4 Reb7 55. g4 Rb4 56. Qc5+ Ka8 57. f3 R4b5 58. Qc8+ Rb8 1-0

[Event "Capricorne"]
[Site "Chambly CAN"]
[Date "2026.01.21"]
[Round "3.6"]
[White "Boyer, Pascal"]
[Black "Kelly, Patrick"]
[Result "1-0"]
[WhiteElo "1609"]
[BlackElo "1638"]
[WhiteFideId "-1"]
[BlackFideId "-1"]
[PlyCount "51"]
[GameId "2276507570260335"]
[EventDate "2026.01.07"]
[EventType "swiss"]
[EventRounds "4"]
[EventCountry "CAN"]

1. d4 Nf6 2. Nf3 d6 3. Bf4 c6 4. e3 Qa5+ 5. c3 Bf5 6. Nbd2 h6 7. Bc4 Nbd7 8. Qb3 d5 9. Qxb7 Nb6 10. b4 Qa4 11. Bb3 Qb5 12. a4 Bc8 13. Qxa8 Nxa8 14. axb5 cxb5 15. Rxa7 Nb6 16. O-O e6 17. Ne5 Be7 18. Rfa1 Nfd7 19. Nc6 g5 20. Nxe7 Kxe7 21. Bc7 Nc4 22. Nf3 Kf6 23. Bxc4 bxc4 24. Be5+ Nxe5 25. Nxe5 Rf8 26. Rc7 1-0

[Event "Capricorne"]
[Site "Chambly CAN"]
[Date "2026.01.21"]
[Round "3.7"]
[White "Lemieux, Serge"]
[Black "Longpre, Martin"]
[Result "1-0"]
[WhiteElo "1351"]
[BlackElo "1612"]
[WhiteFideId "-1"]
[BlackFideId "-1"]
[PlyCount "117"]
[GameId "2276507570260336"]
[EventDate "2026.01.07"]
[EventType "swiss"]
[EventRounds "4"]
[EventCountry "CAN"]

1. d4 d5 2. Bf4 Nf6 3. Nf3 Bg4 4. Ne5 Nbd7 5. Nc3 Bh5 6. f3 e6 7. a3 c5 8. e3 a6 9. h4 Bg6 10. g4 h6 11. Nxg6 fxg6 12. Qd3 Kf7 13. h5 g5 14. Be5 Nxe5 15. dxe5 Nd7 16. f4 gxf4 17. Qg6+ Ke7 18. exf4 Qe8 19. Qd3 Qf7 20. Ne2 Rg8 21. O-O-O g6 22. hxg6 Rxg6 23. Bh3 Kd8 24. Rdf1 Kc7 25. Qc3 Rg8 26. f5 Qg7 27. Nd4 Qxe5 28. Nxe6+ Kd6 29. Qd2 Qf6 30. Re1 Ne5 31. Qf4 Bg7 32. Nxg7 Qxg7 33. Kb1 Rae8 34. Rhg1 Qf6 35. Bg2 Rxg4 36. Qd2 Rd4 37. Qa5 Qd8 38. Qc3 Nf7 39. Qg3+ Kd7 40. Qg7 Rf8 41. f6 Rf4 42. Re7+ Kc6 43. Rxf7 Rxf6 44. Bxd5+ Qxd5 45. Rxf6+ Rxf6 46. Qxf6+ Kb5 47. Qf1+ c4 48. Rh1 h5 49. Rh4 Kc5 50. c3 b5 51. Rd4 Qg5 52. Qf8+ Kc6 53. Qd6+ Kb7 54. Ka2 h4 55. Qd7+ Kb8 56. Qe8+ Kc7 57. Rd7+ Kb6 58. Rd6+ Kc5 59. Qc6# 1-0

[Event "Capricorne"]
[Site "Chambly CAN"]
[Date "2026.01.21"]
[Round "3.8"]
[White "Kerhuel-Lefebvre, Stephane"]
[Black "Poirier, Dany"]
[Result "1-0"]
[WhiteElo "1561"]
[BlackElo "1420"]
[WhiteFideId "-1"]
[BlackFideId "-1"]
[PlyCount "149"]
[GameId "2276507570260337"]
[EventDate "2026.01.07"]
[EventType "swiss"]
[EventRounds "4"]
[EventCountry "CAN"]

1. c4 e6 2. Nc3 Nf6 3. Nf3 Nc6 4. g3 g6 5. Bg2 Bg7 6. e4 d6 7. O-O Bd7 8. d4 O-O 9. Bg5 Qc8 10. Rc1 h6 11. Bf4 Re8 12. e5 dxe5 13. Bxe5 Ne7 14. b4 Rb8 15. d5 exd5 16. cxd5 Ng4 17. Bf4 g5 18. Bxc7 Qxc7 19. d6 Qd8 20. dxe7 Rxe7 21. Nd5 Re6 22. Bh3 Rd6 23. Qb3 Be6 24. Bxg4 Bxd5 25. Qa4 f5 26. Bh5 a6 27. Rfe1 Re6 28. Rcd1 Rxe1+ 29. Nxe1 Kh7 30. Qc2 Qd7 31. Bf3 Rc8 32. Qb1 Qe6 33. Bxd5 Qf6 34. Bb3 Kh8 35. Qd3 Qe5 36. Qd5 Qf6 37. Qxb7 Re8 38. Ng2 f4 39. Qf7 Qc6 40. gxf4 Rf8 41. Qd7 Qb6 42. f5 Bf6 43. Qd6 Qxd6 44. Rxd6 Bc3 45. Rxa6 Rxf5 46. Rxh6+ Kg7 47. Ne3 Rb5 48. Ra6 Bxb4 49. Be6 Rb8 50. Bd7 Rf8 51. a4 Bc5 52. Ng4 Rd8 53. Bb5 Rb8 54. Re6 Bd4 55. Rd6 Bc3 56. Bd3 Bb4 57. Rd7+ Kf8 58. Rh7 Bc3 59. a5 Rd8 60. Bf1 Bxa5 61. Rh8+ Ke7 62. Rxd8 Bxd8 63. Kg2 Bc7 64. Kf3 Kf7 65. Bd3 Bf4 66. h4 Kg7 67. h5 Bc1 68. Ke4 Bf4 69. Kf5 Bc1 70. h6+ Kh8 71. Kg6 Bf4 72. f3 Bc1 73. Ne5 Bd2 74. Nf7+ Kg8 75. h7+ 1-0

[Event "Capricorne"]
[Site "Chambly CAN"]
[Date "2026.01.21"]
[Round "3.9"]
[White "Despres, Alain"]
[Black "Lefebvre-Langlais, Hugues"]
[Result "0-1"]
[WhiteElo "1487"]
[BlackElo "1383"]
[WhiteFideId "-1"]
[BlackFideId "-1"]
[PlyCount "102"]
[GameId "2276507570260338"]
[EventDate "2026.01.07"]
[EventType "swiss"]
[EventRounds "4"]
[EventCountry "CAN"]

1. d4 d5 2. Nf3 Bf5 3. c4 Nf6 4. e3 e6 5. cxd5 exd5 6. Qb3 b6 7. Nc3 g6 8. h3 a5 9. a3 Bd6 10. Be2 O-O 11. g4 Be4 12. Nxe4 Nxe4 13. Bd3 b5 14. Qc2 Qe7 15. Bxe4 dxe4 16. Nd2 Nd7 17. Qxe4 b4 18. Qxe7 Bxe7 19. Nc4 b3 20. Bd2 a4 21. Rc1 c5 22. d5 Nf6 23. d6 Bd8 24. f3 Ra6 25. e4 Re8 26. e5 Nd7 27. f4 f6 28. Bc3 fxe5 29. fxe5 Bf6 30. O-O Bxe5 31. Bxe5 Nxe5 32. Nxe5 Rxe5 33. d7 Ra8 34. Rfd1 Rd8 35. Rc4 Re7 36. Rxa4 Rexd7 37. Rxd7 Rxd7 38. Rc4 Rd1+ 39. Kf2 Rd2+ 40. Ke3 Rxb2 41. Kd3 Ra2 42. Rxc5 Rxa3 43. Kc3 b2+ 44. Kxb2 Rxh3 45. Kc2 Kf7 46. Kd2 Kf6 47. Ke2 Rg3 48. Rc4 Kg5 49. Rc7 Kf6 50. Rc6+ Kg5 51. Rc5+ Kxg4 0-1

[Event "Capricorne"]
[Site "Chambly CAN"]
[Date "2026.01.21"]
[Round "3.10"]
[White "Legault, Jean-Philippe"]
[Black "Alameddine, Karim"]
[Result "1-0"]
[WhiteElo "1483"]
[BlackElo "1413"]
[WhiteFideId "-1"]
[BlackFideId "-1"]
[PlyCount "57"]
[GameId "2276507570260339"]
[EventDate "2026.01.07"]
[EventType "swiss"]
[EventRounds "4"]
[EventCountry "CAN"]

1. d4 d6 2. Nc3 c6 3. e4 e6 4. Nf3 h6 5. Bd3 Qe7 6. O-O e5 7. dxe5 dxe5 8. b3 Nf6 9. a4 a6 10. Ba3 c5 11. Nd5 Nxd5 12. exd5 Qd6 13. Nxe5 Be7 14. Nc4 Qf6 15. Bb2 Qg5 16. Re1 O-O 17. Qf3 Bd8 18. Re5 Qg4 19. Qe3 Qd7 20. Qxc5 a5 21. Rae1 Na6 22. Qe3 Rb8 23. Re8 b6 24. Bh7+ Kxh7 25. Rxf8 Bg5 26. Qf3 f5 27. Qh5 Rb7 28. Ree8 Qxe8 29. Qxe8 1-0

[Event "Capricorne"]
[Site "Chambly CAN"]
[Date "2026.01.28"]
[Round "4.1"]
[White "Cossette, Richard"]
[Black "Weston, Paul"]
[Result "0-1"]
[WhiteElo "1652"]
[BlackElo "1773"]
[WhiteFideId "-1"]
[BlackFideId "-1"]
[PlyCount "99"]
[GameId "2276507570260351"]
[EventDate "2026.01.07"]
[EventType "swiss"]
[EventRounds "4"]
[EventCountry "CAN"]

1. e4 c5 2. Nf3 d6 3. c4 e5 4. Nc3 Nc6 5. Nd5 Nf6 6. d3 Nxd5 7. exd5 Nd4 8. Nxd4 exd4 9. Be2 Be7 10. O-O O-O 11. Bd2 Bd7 12. b4 b6 13. a4 a5 14. bxc5 bxc5 15. Rb1 Qc7 16. Qc2 Rfb8 17. Rxb8+ Rxb8 18. Rb1 Rxb1+ 19. Qxb1 Bxa4 20. Qa1 Bd7 21. Bxa5 Qa7 22. Qe1 Kf8 23. Bd2 Qa2 24. Bf4 Ba4 25. h4 Bc2 26. Kh2 Qa3 27. Qd2 Qc3 28. Qc1 Kg8 29. h5 h6 30. Bd2 Qb3 31. Qf1 Qb1 32. Bc1 Bd8 33. f4 f5 34. g4 fxg4 35. Bxg4 Bxd3 36. Be6+ Kh7 37. Qg1 Qc2+ 38. Kg3 Bf5 39. Qe1 Qd3+ 40. Kg2 Qh3+ 41. Kg1 Qg4+ 42. Kh1 Qxh5+ 43. Kg1 Qg4+ 44. Kh1 Qg6 45. Bxf5 Qxf5 46. Qd2 Bf6 47. Kg2 Qe4+ 48. Kh3 d3 49. Kg3 Bd4 50. Qg2 0-1

[Event "Capricorne"]
[Site "Chambly CAN"]
[Date "2026.01.28"]
[Round "4.2"]
[White "Milette, Patrick"]
[Black "Cousineau, Francois"]
[Result "0-1"]
[WhiteElo "1733"]
[BlackElo "1773"]
[WhiteFideId "-1"]
[BlackFideId "-1"]
[PlyCount "76"]
[GameId "2276507570260352"]
[EventDate "2026.01.07"]
[EventType "swiss"]
[EventRounds "4"]
[EventCountry "CAN"]

1. Nf3 g6 2. c4 Bg7 3. g3 e5 4. Nc3 Nc6 5. Bg2 f5 6. d3 Nf6 7. Bg5 h6 8. Bxf6 Bxf6 9. Nd5 Bg7 10. Nh4 Kf7 11. e4 f4 12. Rg1 d6 13. Nxg6 Kxg6 14. gxf4 Kh7 15. f5 Nd4 16. Qh5 Qg5 17. Qxg5 hxg5 18. Kf1 c6 19. Ne7 Bf6 20. Ng6 Rg8 21. Re1 Nxf5 22. exf5 Bxf5 23. Nxe5 Bxe5 24. Be4 Raf8 25. b4 Rg6 26. Re3 Bxe4 27. Rxe4 Rf4 28. Re3 Rh4 29. h3 Bf4 30. Re7+ Rg7 31. Re6 Rxh3 32. Ke2 Rh6 33. Re4 Kg8 34. Re1 Rh3 35. a4 Kf8 36. Kd1 Rxd3+ 37. Kc2 Rd2+ 38. Kc3 Rxf2 0-1

[Event "Capricorne"]
[Site "Chambly CAN"]
[Date "2026.01.28"]
[Round "4.3"]
[White "Evenko, Kirill"]
[Black "Tse, Chun Wing"]
[Result "1/2-1/2"]
[WhiteElo "1563"]
[BlackElo "1805"]
[WhiteFideId "-1"]
[BlackFideId "-1"]
[PlyCount "41"]
[GameId "2276507570260353"]
[EventDate "2026.01.07"]
[EventType "swiss"]
[EventRounds "4"]
[EventCountry "CAN"]

1. c4 Nf6 2. d4 g6 3. Nf3 Bg7 4. g3 O-O 5. Bg2 d6 6. Nc3 c5 7. dxc5 dxc5 8. Bf4 Nc6 9. O-O Nh5 10. Be3 Nd4 11. Na4 Qa5 12. Nxc5 Qxc5 13. Bxd4 Qxc4 14. Bxg7 Nxg7 15. b3 Qa6 16. Ne5 Be6 17. Qd3 Qxd3 18. Nxd3 Rab8 19. Rac1 Rfc8 20. Nc5 b6 21. Nxe6 1/2-1/2

[Event "Capricorne"]
[Site "Chambly CAN"]
[Date "2026.01.28"]
[Round "4.4"]
[White "Boyer, Pascal"]
[Black "Lemieux, Serge"]
[Result "1-0"]
[WhiteElo "1609"]
[BlackElo "1351"]
[WhiteFideId "-1"]
[BlackFideId "-1"]
[PlyCount "55"]
[GameId "2276507570260354"]
[EventDate "2026.01.07"]
[EventType "swiss"]
[EventRounds "4"]
[EventCountry "CAN"]

1. d4 d5 2. Nf3 Nf6 3. Bf4 e6 4. e3 Bd6 5. Bg3 Nc6 6. Nbd2 h6 7. c3 a6 8. Bd3 Bxg3 9. hxg3 Nd7 10. e4 O-O 11. e5 f5 12. Nh4 Qe8 13. Qe2 Ne7 14. f4 c5 15. O-O-O c4 16. Bc2 Nb6 17. g4 Bd7 18. Rdf1 g6 19. gxf5 exf5 20. g4 Ba4 21. gxf5 Bxc2 22. Kxc2 Nxf5 23. Nxf5 Rxf5 24. Rxh6 Rh5 25. Rxh5 gxh5 26. f5 Kh7 27. Rh1 Kh6 28. Qe3+ 1-0

[Event "Capricorne"]
[Site "Chambly CAN"]
[Date "2026.01.28"]
[Round "4.5"]
[White "Kerhuel-Lefebvre, Stephane"]
[Black "Pincince, Jacques"]
[Result "1-0"]
[WhiteElo "1561"]
[BlackElo "1396"]
[WhiteFideId "-1"]
[BlackFideId "-1"]
[PlyCount "97"]
[GameId "2276507570260355"]
[EventDate "2026.01.07"]
[EventType "swiss"]
[EventRounds "4"]
[EventCountry "CAN"]

1. c4 e5 2. Nc3 Bb4 3. Nd5 Be7 4. g3 c6 5. Nc3 Nf6 6. Bg2 O-O 7. Nf3 d6 8. O-O Bf5 9. b3 Qd7 10. Ba3 Bh3 11. Re1 Bxg2 12. Kxg2 Nh5 13. e3 Qf5 14. e4 Qg6 15. Nxe5 Nf4+ 16. Kf1 dxe5 17. Bxe7 Qe6 18. gxf4 Qxe7 19. f5 Nd7 20. Qf3 Rad8 21. Ke2 Nc5 22. Rg1 Qd6 23. Qe3 Nd3 24. Rg3 Nf4+ 25. Kd1 Rd7 26. Kc2 Rfd8 27. Rd1 Qb4 28. Nb1 b6 29. h4 Rd4 30. Rdg1 Nh5 31. Rg5 Rd3 32. Qe2 Nf4 33. Rxg7+ Kh8 34. Qe1 Qe7 35. Qf1 b5 36. R7g3 bxc4 37. bxc4 Rxg3 38. Rxg3 Qxh4 39. Qd1 Nd3 40. Rxd3 Qxe4 41. Qf1 Qxc4+ 42. Nc3 Rd4 43. Qe2 e4 44. Rxd4 Qxd4 45. Qxe4 Qxf2 46. Qe5+ Kg8 47. f6 h6 48. Qe8+ Kh7 49. Qxf7+ 1-0

[Event "Capricorne"]
[Site "Chambly CAN"]
[Date "2026.01.28"]
[Round "4.6"]
[White "Kelly, Patrick"]
[Black "Bedard, Michel"]
[Result "1/2-1/2"]
[WhiteElo "1638"]
[BlackElo "1548"]
[WhiteFideId "-1"]
[BlackFideId "-1"]
[PlyCount "103"]
[GameId "2276507570260356"]
[EventDate "2026.01.07"]
[EventType "swiss"]
[EventRounds "4"]
[EventCountry "CAN"]

1. e4 e5 2. Bc4 Nf6 3. Nc3 Nc6 4. d3 Na5 5. Qf3 Nxc4 6. dxc4 Bb4 7. Nge2 d6 8. O-O Bg4 9. Qd3 O-O 10. Nd5 Nxd5 11. cxd5 a6 12. Ng3 Bd7 13. Qf3 Qc8 14. h3 f5 15. Qb3 Bc5 16. Be3 Bxe3 17. fxe3 b6 18. exf5 Bxf5 19. e4 Bg6 20. Rf3 Rxf3 21. Qxf3 Qf8 22. Qe2 Qf4 23. Qd3 Qg5 24. Rf1 a5 25. Qf3 Qd2 26. Nf5 Bxf5 27. Qxf5 Qe3+ 28. Kh1 h6 29. Qg6 Qg5 30. Qf7+ Kh8 31. Qxc7 Qg6 32. Rf5 Qg3 33. Qxd6 Qe1+ 34. Kh2 Qxe4 35. Qxe5 Qxc2 36. Rf7 Qg6 37. Re7 Rd8 38. Re6 Qf7 39. Rxh6+ Kg8 40. Re6 Qd7 41. d6 Qf7 42. Re7 Qf6 43. Re8+ Rxe8 44. Qxe8+ Kh7 45. Qe4+ Kg8 46. Qe7 Qf4+ 47. Kg1 Qc1+ 48. Kf2 Qxb2+ 49. Kf3 Qc3+ 50. Kf4 Qd4+ 51. Kf5 Qd5+ 52. Kf4 1/2-1/2

[Event "Capricorne"]
[Site "Chambly CAN"]
[Date "2026.01.28"]
[Round "4.7"]
[White "Longpre, Martin"]
[Black "Legault, Jean-Philippe"]
[Result "1-0"]
[WhiteElo "1612"]
[BlackElo "1483"]
[WhiteFideId "-1"]
[BlackFideId "-1"]
[PlyCount "93"]
[GameId "2276507570260357"]
[EventDate "2026.01.07"]
[EventType "swiss"]
[EventRounds "4"]
[EventCountry "CAN"]

1. e4 c6 2. d4 d5 3. e5 Bf5 4. Nf3 e6 5. Be2 Ne7 6. O-O Bg6 7. c3 Nf5 8. g4 Nh6 9. h3 Ng8 10. Be3 h5 11. g5 h4 12. Nbd2 Nd7 13. Nb3 Be7 14. Kh2 f6 15. gxf6 gxf6 16. Rg1 Bf7 17. Bf4 fxe5 18. Nxe5 Nxe5 19. dxe5 Qb6 20. Be3 Qc7 21. f4 O-O-O 22. Rg2 Nh6 23. Nd4 Rdg8 24. Qa4 Rxg2+ 25. Kxg2 Rg8+ 26. Kh2 Qb6 27. b4 c5 28. Nb3 Be8 29. bxc5 Bxc5 30. Bxc5 Bxa4 31. Bxb6 axb6 32. Nd4 Rg3 33. Rc1 Kd7 34. Bb5+ Bxb5 35. Nxb5 Nf5 36. Rf1 Kc6 37. a4 Ne3 38. Nd4+ Kd7 39. Rg1 Rxg1 40. Kxg1 Nd1 41. Ne2 Nb2 42. Kf2 Nxa4 43. Kf3 b5 44. Kg4 Nxc3 45. Nxc3 b4 46. Nd1 Ke7 47. Kxh4 1-0

[Event "Capricorne"]
[Site "Chambly CAN"]
[Date "2026.01.28"]
[Round "4.8"]
[White "Poirier, Dany"]
[Black "Tse, Edwin"]
[Result "0-1"]
[WhiteElo "1420"]
[BlackElo "1404"]
[WhiteFideId "-1"]
[BlackFideId "-1"]
[PlyCount "68"]
[GameId "2276507570260358"]
[EventDate "2026.01.07"]
[EventType "swiss"]
[EventRounds "4"]
[EventCountry "CAN"]

1. e4 c6 2. d4 d5 3. Bd3 e6 4. Nf3 dxe4 5. Bxe4 Nf6 6. Bg5 c5 7. O-O cxd4 8. Nxd4 Be7 9. Bf3 O-O 10. c4 Qb6 11. b3 Rd8 12. Be3 Bc5 13. Qc2 Bxd4 14. Bxd4 Rxd4 15. Nc3 Nc6 16. Rfe1 a6 17. Bxc6 bxc6 18. Ne2 Rd7 19. c5 Qa7 20. Ng3 Bb7 21. Rad1 Rd5 22. b4 h6 23. f4 a5 24. a3 axb4 25. axb4 Rxd1 26. Rxd1 Nd5 27. Qd2 Qa3 28. Rb1 Ra4 29. b5 cxb5 30. Rxb5 Qa1+ 31. Nf1 Rxf4 32. Qd3 Rxf1+ 33. Qxf1 Qxf1+ 34. Kxf1 Ba6 0-1

[Event "Capricorne"]
[Site "Chambly CAN"]
[Date "2026.01.28"]
[Round "4.9"]
[White "Alameddine, Karim"]
[Black "Vigneault, Leo Billy"]
[Result "0-1"]
[WhiteElo "1413"]
[BlackElo "1507"]
[WhiteFideId "-1"]
[BlackFideId "-1"]
[PlyCount "126"]
[GameId "2276507570260359"]
[EventDate "2026.01.07"]
[EventType "swiss"]
[EventRounds "4"]
[EventCountry "CAN"]

1. e4 c6 2. d3 d5 3. Qe2 Nf6 4. h3 Nbd7 5. e5 Ng8 6. d4 Nb6 7. b3 Bf5 8. Nf3 h6 9. Ba3 Qc7 10. Nh4 Bh7 11. e6 Nf6 12. exf7+ Kxf7 13. Nf3 e6 14. Bb2 Bd6 15. g3 Rhe8 16. Ne5+ Kg8 17. Bg2 Nbd7 18. f4 c5 19. c3 cxd4 20. cxd4 Bb4+ 21. Kf1 Ne4 22. Bxe4 Bxe4 23. Rh2 Nxe5 24. dxe5 Rac8 25. a3 Ba5 26. b4 Bb6 27. Nc3 Bf5 28. Nb5 Qd7 29. Nd6 Rc2 30. Qh5 Bd3+ 31. Ke1 Rxh2 32. Nxe8 Be3 33. Qf3 Qxe8 34. Qxe3 Re2+ 35. Qxe2 Bxe2 36. Kxe2 Qh5+ 37. Kf2 Qxh3 38. Rg1 Qh2+ 39. Rg2 Qh5 40. a4 Qg6 41. a5 Qc2+ 42. Kg1 Qb3 43. Kh2 Qxb4 44. Kh3 Qxa5 45. f5 Qb6 46. fxe6 Qxe6+ 47. Kh2 a5 48. Rf2 b5 49. Re2 Qf5 50. Kg2 Qd3 51. Rf2 Qe4+ 52. Kf1 b4 53. Re2 Qf3+ 54. Ke1 Qxg3+ 55. Kd1 Qg5 56. e6 Qe7 57. Re3 a4 58. Kd2 a3 59. Bd4 Kf8 60. Kc2 Qc7+ 61. Kd2 Ke7 62. Bxg7 Qh2+ 63. Kd1 Qg1+ 0-1

[Event "Capricorne U1400"]
[Site "Chambly CAN"]
[Date "2026.01.07"]
[Round "1.9"]
[White "Savard, Alain"]
[Black "Bonin, Francis"]
[Result "0-1"]
[WhiteElo "1155"]
[BlackElo "1366"]
[WhiteFideId "-1"]
[BlackFideId "-1"]
[PlyCount "38"]
[GameId "2276507570194761"]
[EventDate "2026.01.07"]
[EventType "swiss"]
[EventRounds "4"]
[EventCountry "CAN"]

1. d4 d5 2. Bf4 Nf6 3. e3 Bf5 4. c3 e6 5. Nd2 Bd6 6. Bg3 O-O 7. Ngf3 Nbd7 8. Ne5 Ne4 9. Qb3 Nxd2 10. Kxd2 Nb6 11. Be2 f6 12. Nf3 Bxg3 13. hxg3 Qd6 14. Rh2 h6 15. Nh4 Bh7 16. Bh5 Nc4+ 17. Ke1 Nxe3 18. fxe3 Qxg3+ 19. Ke2 Qxh2 0-1

[Event "Capricorne U1400"]
[Site "Chambly CAN"]
[Date "2026.01.07"]
[Round "1.10"]
[White "Hebert, Sebastien"]
[Black "Tarte, Ariste"]
[Result "1-0"]
[WhiteElo "1329"]
[BlackElo "1130"]
[WhiteFideId "-1"]
[BlackFideId "-1"]
[PlyCount "103"]
[GameId "2276507570194762"]
[EventDate "2026.01.07"]
[EventType "swiss"]
[EventRounds "4"]
[EventCountry "CAN"]

1. e4 c6 2. Nf3 d5 3. exd5 cxd5 4. d4 e6 5. c3 Bd6 6. Bd3 Ne7 7. O-O Qc7 8. Na3 a6 9. c4 Nd7 10. c5 Bxh2+ 11. Nxh2 Nc6 12. Qa4 b6 13. Nb5 Qb8 14. Nd6+ Kf8 15. Qxc6 bxc5 16. Nxc8 Qxc8 17. Qxc8+ Rxc8 18. Bxa6 Rb8 19. dxc5 Nxc5 20. Be2 Ke7 21. b3 Ne4 22. Bf3 Nc5 23. Ba3 Rbc8 24. Rac1 Kd6 25. Rc2 Rc7 26. Rfc1 Rhc8 27. Rxc5 Rxc5 28. Rxc5 Rxc5 29. Bxc5+ Kxc5 30. a4 Kb4 31. Bd1 d4 32. Kf1 e5 33. Ke2 f6 34. Kd3 g6 35. f3 h5 36. Nf1 g5 37. Nd2 f5 38. f4 gxf4 39. Bxh5 Kc5 40. Bg6 e4+ 41. Nxe4+ fxe4+ 42. Bxe4 Kb4 43. Kxd4 Ka5 44. Ke5 Kb4 45. Kxf4 Ka5 46. g4 Kb4 47. g5 Ka5 48. g6 Kb4 49. g7 Ka5 50. g8=Q Kb4 51. Qc4+ Ka5 52. Qb5# 1-0

[Event "Capricorne U1400"]
[Site "Chambly CAN"]
[Date "2026.01.07"]
[Round "1.11"]
[White "Drolet, Dominic"]
[Black "St-Laurent, Luc"]
[Result "0-1"]
[WhiteElo "1121"]
[BlackElo "1328"]
[WhiteFideId "-1"]
[BlackFideId "-1"]
[PlyCount "54"]
[GameId "2276507570198859"]
[EventDate "2026.01.07"]
[EventType "swiss"]
[EventRounds "4"]
[EventCountry "CAN"]

1. d4 d5 2. Nf3 Nf6 3. c4 e6 4. Bf4 Bd6 5. Qd2 dxc4 6. Bg5 Be7 7. Nc3 h6 8. Bf4 a6 9. e4 b5 10. Qe3 Bb7 11. Be2 Nbd7 12. O-O c5 13. Rad1 cxd4 14. Qxd4 Bc5 15. Qd2 Nxe4 16. Nxe4 Bxe4 17. Ne5 Nxe5 18. Bxe5 O-O 19. Bxg7 Qxd2 20. Rxd2 Kxg7 21. Rd7 Ra7 22. Rd2 e5 23. Kh1 Kh7 24. Bh5 Rg8 25. f3 Bd3 26. Re1 Bb4 27. Rxd3 Bxe1 0-1